[Event "Novorossiysk Small Land Blitz op"]
[Site "Novorossiysk"]
[Date "2023.07.29"]
[Round "1"]
[White "Sinelshchikova, Varvara"]
[Black "Afanasiev, Nikita"]
[Result "0-1"]
[WhiteElo "1307"]
[BlackElo "2543"]
[PlyCount "104"]
[EventDate "2023.07.29"]
[EventType "swiss (blitz)"]
[EventRounds "13"]
[EventCountry "RUS"]
[SourceTitle "CBM 215 Extra"]
[Source "ChessBase"]
[SourceDate "2023.09.30"]
[SourceVersion "1"]
[SourceVersionDate "2023.09.30"]
[SourceQuality "1"]

1. d4 g6 2. c4 Bg7 3. Nf3 e6 4. g3 Ne7 5. Bg2 d5 6. 0-0 Nbc6 7. cxd5 exd5 8. e3 0-0 9. Nc3 a5 10. b3 Bf5 11. a3 Qd7 12. Bb2 h6 13. Rc1 Rac8 14. Qe2 b6 15. Rfd1 Rfd8 16. Qb5 Qd6 17. Qe2 Qe6 18. Nh4 Bg4 19. f3 Bh3 20. Bxh3 Qxh3 21. Ng2 g5 22. Na2 Rd6 23. b4 axb4 24. Nxb4 Nxb4 25. axb4 Re6 26. Qf2 Qf5 27. Rf1 Qd3 28. Qc2 Qb5 29. Bc3 Rc6 30. Qb3 Rc4 31. Bd2 Ra8 32. Rxc4 Qxc4 33. Qxc4 dxc4 34. b5 Ra2 35. Bb4 Nd5 36. Rb1 c3 37. e4 c2 38. Rc1 Bxd4+ 39. Kf1 Nxb4 40. Ne1 Be3 41. Rxc2 Nxc2 42. Nxc2 Rxc2 43. h4 gxh4 44. gxh4 Kg7 45. h5 Kf6 46. Ke1 Ke5 47. Kd1 Rc1+ 48. Ke2 Kd4 49. f4 Kxe4 50. f5 Rc2+ 51. Kd1 Kd3 52. Ke1 Rc1# 0-1